Buchhaltung 2 Organisation und besondere Buchungsfälle

Guardado en:
Detalles Bibliográficos
Formato: Libro
Lenguaje:alemán
Publicado: Wiesbaden Gabler 1983
Edición:1. Aufl.
Materias:
Etiquetas: Agregar Etiqueta
Sin Etiquetas, Sea el primero en etiquetar este registro!

MARC

LEADER 00000nam a2200000 4500
001 c000007
005 20221221074512.3
020 |a 3-409-10114-4 
041 0 |a ger 
044 |a DE 
245 1 0 |a Buchhaltung 2  |b Organisation und besondere Buchungsfälle 
250 |a 1. Aufl. 
264 1 |a Wiesbaden  |b Gabler  |c 1983 
300 |a 181 s. 
610 2 0 |a účtovníctvo 
610 2 0 |a organizácia práce 
610 2 0 |a knihy účtovné 
610 2 0 |a zásobovanie 
610 2 0 |a odbyt 
610 2 0 |a účtovníctvo finančné 
610 2 0 |a účtovníctvo prevádzkové